Модифицирование приповерхностных слоев циркониевой керамики при облучении ионами алюминия; Радиационная физика твердого тела

Dades bibliogràfiques
Parent link:Радиационная физика твердого тела.— 2016.— С. 325-328
Autor corporatiu: Национальный исследовательский Томский политехнический университет (ТПУ) Институт неразрушающего контроля (ИНК) Проблемная научно-исследовательская лаборатория электроники, диэлектриков и полупроводников (ПНИЛ ЭДиП)
Altres autors: Васильев И. П. Иван Петрович, Гынгазов С. А. Сергей Анатольевич, Франгульян Т. С. Тамара Семёновна, Чернявский А. В. Александр Викторович
Sumari:В фонде НТБ ТПУ отсутствует
Idioma:rus
Publicat: 2016
Matèries:
Format: MixedMaterials Llibre
KOHA link:https://koha.lib.tpu.ru/cgi-bin/koha/opac-detail.pl?biblionumber=602661

MARC

LEADER 00000nam0a2200000 4500
001 602661
005 20250911133304.0
035 |a (RuTPU)RU\TPU\tpu\28626 
035 |a RU\TPU\tpu\28625 
090 |a 602661 
100 |a 20161018d2016 k y0rusy50 ca 
101 0 |a rus 
102 |a RU 
200 1 |a Модифицирование приповерхностных слоев циркониевой керамики при облучении ионами алюминия  |f И. П. Васильев [и др.] 
333 |a В фонде НТБ ТПУ отсутствует 
463 1 |t Радиационная физика твердого тела  |o труды XXVI Международной конференции (Севастополь, 4-9 июля 2016 г.)  |f под ред. Г. Г. Бондаренко  |v С. 325-328  |d 2016 
610 1 |a труды учёных ТПУ 
701 1 |a Васильев  |b И. П.  |c специалист в области электротехники  |c лаборант-исследователь Томского политехнического университета  |f 1990-  |g Иван Петрович  |3 (RuTPU)RU\TPU\pers\30664  |9 14945 
701 1 |a Гынгазов  |b С. А.  |c специалист в области электроники  |c профессор Томского политехнического университета, доктор технических наук  |f 1958-  |g Сергей Анатольевич  |3 (RuTPU)RU\TPU\pers\26531  |9 12225 
701 1 |a Франгульян  |b Т. С.  |c специалист в области электроники, диэлектриков и полупроводников  |c ведущий научный сотрудник Томского политехнического университета, кандидат физико-математических наук  |f 1940-  |g Тамара Семёновна  |3 (RuTPU)RU\TPU\pers\26534 
701 1 |a Чернявский  |b А. В.  |c специалист в области электроники  |c старший научный сотрудник Томского политехнического университета, кандидат физико-математических наук  |f 1966-  |g Александр Викторович  |3 (RuTPU)RU\TPU\pers\26556 
712 0 2 |a Национальный исследовательский Томский политехнический университет (ТПУ)  |b Институт неразрушающего контроля (ИНК)  |b Проблемная научно-исследовательская лаборатория электроники, диэлектриков и полупроводников (ПНИЛ ЭДиП)  |3 (RuTPU)RU\TPU\col\19033 
801 1 |a RU  |b 63413507  |c 20150916 
801 2 |a RU  |b 63413507  |c 20161018  |g RCR 
942 |c BK